| 000 | 00570nam a2200265Ia 4500 | ||
|---|---|---|---|
| 008 | 210210b1920 xxu||||| |||| 00| 0 eng d | ||
| 041 | _aeng | ||
| 082 | _a954/698 | ||
| 100 | _a-- | ||
| 245 | _aAnnual report on epigraphy for the year ending 31st March 1920 | ||
| 260 |
_a _b- _c1920 |
||
| 300 | _a123 | ||
| 650 | _ayear | ||
| 650 | _areport | ||
| 650 | _aon | ||
| 650 | _aMarch | ||
| 650 | _afor | ||
| 650 | _aepigraphy | ||
| 650 | _aending | ||
| 650 | _aAnnual | ||
| 650 | _a31st | ||
| 650 | _a1920 | ||
| 690 | _aIndian History | ||
| 906 | _a002198 | ||
| 999 |
_c121139 _d121139 |
||